00654 2200241 4500001002100000005001700021008004100038020002200079035002500101040001200126082001600138084001400154090001400168100002100182245006300203250001000266260002900276300003300305504003100338650002200369700000900391850001200400INLIS00000000001495320151011093911.0  a978-979-29-2124-3 a0010-101500000000687 aYOPDYOG a003 C2 [23] a003 Jon S a003 Jon S aJONATHAN SARWONO aStrategi melakukan riset/cJonathan Sarwono ; editor, Maya aCet.1 aYogyakarta:bAndi,c2013 avi, 361 hlm.:bilus.;c23 cm aBibliografi : hlm. 357-361 aRiset operasional aMaya aYOPDYOG